Manual completo para treino de cães (Record no. 44903)

MARC details
000 -Etiqueta do registo
Valores 00685cam a2200229 04500
021 ## - Número do Depósito Legal
Número 92802/95
100 ## - Dados gerais de processamento
Dados gerais 19960624d1995 m y0pory5003 ba
101 1# - Língua de publicação
Língua por
102 ## - País de publicação
País PT
200 1# - Titulo e menção de responsabilidade
Título próprio Manual completo para treino de cães
Primeira menção de responsabilidade Bruce Fogle
Outras menções de responsabilidade sequências de treino Patricia Holden White
-- trad. Tito Martins
210 #9 - Publicação
Local de publicação [Lisboa]
Nome do editor Livros e Livros,
Data de publicação D.L. 1995
215 ## - Descrição física 
Paginação / Volumes 128 p.
Outras indicações físicas muito il.
Dimensões 27 cm
304 ## - Nota relativa ao título
Texto de nota Tít. orig.: Dog training manual
675 ## - CDU
Notação 636.7
675 ## - CDU
Notação 599.742.1(075)
Edição BN
Língua por
700 #1 - Autor principal
Apelido Fogle,
Nome Bruce
702 #1 - Autor secundário
Apelido White,
Nome Patricia Holden
Função 070
702 #1 - Autor secundário
ID Autoridade 1
Apelido Martins,
Nome Tito
Função 730
801 #0 - Fonte de origem
País PT
Agência BN
Regras de catalogação RPC
990 ## - Elementos KOHA
Tipo de documento Livro
Holdings
Aquisição Empréstimo Código de barras Cota Permissão de empréstimo Tipo de documento
Biblioteca Escolar Doutor Hernâni Cidade Biblioteca Escolar Doutor Hernâni Cidade 81036 636.7 FOG   Livro

Powered by Koha